Fulham FC | Premier League Squads - 2024/2025 - Statistics

General Stats
  • This quiz has been taken 21 times
  • The average score is 24 of 27
Answer Stats
Position Player National Number % Correct
Forward Alex Iwobi 17
100%
Goalkeeper Bernd Leno 1
100%
Defender Calvin Bassey 3
100%
Defender Kenny Tete 2
100%
Forward Raúl Jiménez 7
100%
Midfielder Sander Berge 16
100%
Midfielder Tom Cairney 10
100%
Defender Issa Diop 31
94%
Forward Rodrigo Muniz 9
94%
Forward Adama Traoré 11
89%
Midfielder Andreas Pereira 18
89%
Defender Antonee Robinson 33
89%
Midfielder Emile Smith Rowe 32
89%
Defender Joachim Andersen 5
89%
Manager Marco Silva
89%
Forward Willian 22
89%
Midfielder Harrison Reed 6
83%
Forward Harry Wilson 8
83%
Midfielder Josh King 24
83%
Defender Ryan Sessegnon 30
83%
Defender Timothy Castagne 21
83%
Defender Jorge Cuenca 15
78%
Midfielder Saša Lukić 20
78%
Goalkeeper Steven Benda 23
78%
Forward Carlos Vinícius 12
72%
Forward Reiss Nelson 19
72%
Forward Martial Godo 47
50%
No matching quizzes found
Score Distribution
Percent of People with Each Score
Percentile by Number Answered
Your Score History
You have not taken this quiz